000 00464nam a2200169Ia 4500
005 20241204003032.0
008 240331s9999 xx 000 0 und d
082 _bFER
_a891
100 _aFernando, J. B
245 0 _aDeath and rebirth :
_bpoems-stories-and an interview onculture of Sri Lanka
260 _aColombo
_bCentre For Society and Religion
_c1993
300 _a148 P .,
650 _aPomes
650 _aShort Stories
650 _aCulture
942 _cL
999 _c3371
_d3371